| 000 | 00444nam a2200169Ia 4500 | ||
|---|---|---|---|
| 008 | 130318s9999 xx 000 0 und d | ||
| 020 | _a97800705839 | ||
| 082 | _a658.4013 PAN/S | ||
| 100 | _aPande, Peter S | ||
| 245 | _aThe six sigma way:Team field book | ||
| 260 |
_bTata Mc Graw Hill _aNew Delhi _c2003 |
||
| 300 | _a403 | ||
| 650 | _aMANAGEMENT | ||
| 650 | _aQUALITY CONTROL | ||
| 700 | _aCavanagh, Roland R | ||
| 700 | _aNeuman, Robert P | ||
| 999 |
_c2480 _d2480 |
||